000 00988nam a22002177a 4500
005 20171129104908.0
010 _aUR-9855
020 6 _c230.00
035 _aU-8410
037 _bDBAD/PUB
082 _a613.270
100 _aڈ ا کٹر غلا م قا د ر لو ن
245 _aقر و نی و سطی کے مسلما نو ن کے سا انسی کا ر نا مے
_cڈ ا کٹر غلا م قا د ر لو ن
246 _b
_aQurun-e-Wusta Ke Musalmanon Ke Sciencei Karname
250 _aby Dr. Ghulam Qadir Lone
260 _a نئی د لی
_bMerkazi Maktaba Islami Publishers
_c2014
270 _aD307,Dawat Nagar,Abul Fazal Enclave,Jamia Nagar ,
_b New Delhi
_e110025
_k01126971652
_l-
300 _a447ص
_c22 Cm.(B.b)
500 _aدو حصہ
942 _2ddc
_cUR
_h613.270
_m غ ل ا
_e
999 _c146975
_d146975